Marcatori della Germania ai Mondiali - Corea del Sud-Giappone 2002 - Statistics

Statistiche generali
  • Questo quiz è stato fatto 4 volte
  • Il punteggio medio è 8 su 14
Statistiche sulle risposte
Partita Minuto Marcatore % Corretto
Germania - Arabia Saudita 8-0 20' Miroslav Klose
100%
Germania - Arabia Saudita 8-0 25' Miroslav Klose
100%
Germania - Arabia Saudita 8-0 70' Miroslav Klose
100%
Germania - Irlanda 1-0 66' Miroslav Klose
100%
Camerun - Germania 0-2 79' Miroslav Klose
100%
Germania - Arabia Saudita 8-0 40' Michael Ballack
75%
Germania - Stati Uniti 1-0 39' Michael Ballack
75%
Germania - Corea del Sud 1-0 75' Michael Ballack
75%
Germania - Paraguay 1-0 88' Oliver Neuville
50%
Germania - Arabia Saudita 8-0 92' Bernd Schneider
25%
Germania - Arabia Saudita 8-0 46' Carsten Jancker
0%
Camerun - Germania 0-2 50' Marco Bode
0%
Germania - Arabia Saudita 8-0 84' Oliver Bierhoff
0%
Germania - Arabia Saudita 8-0 73' Thomas Linke
0%
Nessun quiz corrispondente trovato
Distribuzione punteggi
Percentuale di utenti per punteggio
Percentile per numero di risposta
I tuoi punteggi nel tempo
Non hai fatto questo quiz